| 000 | 00850nam0a22002531 4500 | ||
|---|---|---|---|
| 001 | rc\2847797 | ||
| 005 | 20110704111327.6 | ||
| 035 | _a(NLR Aleph) 007202885 | ||
| 090 |
_a7642063 _c7642063 |
||
| 100 | _a20110704d1927 |||y0rusy50 ca | ||
| 101 | 0 | _arus | |
| 102 | _aRU | ||
| 105 | _aa z ||||| | ||
| 200 | 1 |
_aРабота ... _fПод ред. инж. Н.П. Казакевича |
|
| 210 |
_aХарьков _cУкраинский рабочий _d1927 |
||
| 215 |
_a118 с., 48 рис. _cрис. _d15х11 см _e[2] с. |
||
| 225 | 1 | _aПроизводственно-техническая библиотека "Повышай квалификацию"! | |
| 700 | 1 |
_aПирогок _bА. |
|
| 702 | 1 |
_aКазакевич _bН. П. _4340 |
|
| 801 | 0 |
_aRU _bNLR _gpsbo |
|
| 801 | 1 |
_aRU _bELAR _2rusmarc |
|
| 852 |
_aNLR _j6/748 |
||
| 942 | _cBOOK | ||
| 980 | _aNB | ||